Konflikty medzi účastníkmi distribučného kanála
Konflikty, ktoré vznikajú v distribučných kanáloch. Typy konfliktov: vertikálny, horizontálny, multikanálový konflikt. Konflikty ako prirodzená miera konkurencie. Spôsoby ako minimalizovať konflikty - riadenie konfliktov.
Salvato in:
| Autore principale: | |
|---|---|
| Natura: | Capitolo di libro |
| Lingua: | slovacco |
| Soggetti: | |
| Tags: |
Nessun Tag, puoi essere il primo ad aggiungerne!!
|
MARC
| LEADER | 00000nla$a2200000$$$4500 | ||
|---|---|---|---|
| 001 | 0115721 | ||
| 005 | 20240502083304.6 | ||
| 041 | 0 | |a slo | |
| 044 | |a CZ | ||
| 245 | 1 | 0 | |a Konflikty medzi účastníkmi distribučného kanála |c Monika Kremeňová |
| 520 | |a Konflikty, ktoré vznikajú v distribučných kanáloch. Typy konfliktov: vertikálny, horizontálny, multikanálový konflikt. Konflikty ako prirodzená miera konkurencie. Spôsoby ako minimalizovať konflikty - riadenie konfliktov. | ||
| 610 | 2 | 0 | |a distribúcia |
| 610 | 2 | 0 | |a konflikty |
| 610 | 2 | 0 | |a výroba |
| 610 | 2 | 0 | |a obchod |
| 610 | 2 | 0 | |a partneri obchodní |
| 610 | 2 | 0 | |a kooperácia |
| 610 | 2 | 0 | |a sprostredkovatelia |
| 610 | 2 | 0 | |a výrobcovia |
| 610 | 2 | 0 | |a zákazníci |
| 100 | 1 | |a Kremeňová, Monika | |